LEADER 03443nam 22005534a 450 001 9910830781503321 005 20230828215635.0 010 $a1-282-77376-3 010 $a9786612773761 010 $a0-470-92477-2 010 $a0-470-92476-4 035 $a(CKB)2670000000044804 035 $a(EBL)588909 035 $a(OCoLC)301241413 035 $a(SSID)ssj0000433036 035 $a(PQKBManifestationID)11291244 035 $a(PQKBTitleCode)TC0000433036 035 $a(PQKBWorkID)10390086 035 $a(PQKB)11690235 035 $a(MiAaPQ)EBC588909 035 $a(EXLCZ)992670000000044804 100 $a20050901d2006 uy 0 101 0 $aeng 135 $aur|n|---||||| 181 $ctxt 182 $cc 183 $acr 200 10$aAIChE equipment testing procedure$b[electronic resource] $econtinuous direct-heat rotary dryers : a guide to performance evaluation /$fprepared by the Equipment Testing Procedures Committee 205 $a3rd ed. 210 $aHoboken, N.J. $cWiley-Interscience$dc2006 215 $a1 online resource (54 p.) 300 $aDescription based upon print version of record. 311 $a0-471-78493-1 320 $aIncludes bibliographical references (p. 42-43) and index. 327 $aContinuous Direct-Heat Rotary Dryers: A Guide to Performance Evaluation; Table of Contents; 100.0 Purpose and Scope; 101.0 Purpose; 102.0 Scope; 200.0 Definitions and Description of Terms; 201.0 Dryer Description; 202.0 Description of Terms; 300.0 Test Planning; 301.0 Conditions; 302.0 Dryer Material and Heat Balances; 303.0 Test Preparation; 400.0 Instruments and Methods of Measurement; 401.0 Gas Temperature and Humidity; 402.0 Gas Flow; 403.0 Material Temperature and Moisture Content; 404.0 Material Flow and Cylinder Fillage; 405.0 Radiation and Convection Heat Losses 327 $a406.0 Miscellaneous Measurements500.0 Test Procedure; 501.0 Procedures; 600.0 Computation of Results; 601.0 Material Balances; 602.0 Gas Flow and Heater Output; 603.0 Heat Balance and Gas Flow; 604.0 Cylinder Fillage and Time-of-Passage; 605.0 Dryer Power Consumption; 700.0 Interpretation of Results; 701.0 Material, Moisture and Energy Balances; 702.0 Volumetric Heat Transfer Performance; 800.0 Appendix; 801.0 Nomenclature; 802.0 Sample Problem-SI Units; 803.0 Sample Problem-English Units; 804.0 General References 330 $aThe newest edition of the AIChE® manual to continuous direct-heat rotary dryersContinuous Direct-Heat Rotary Dryers, Third Edition is the latest text in the AIChE® Equipment Testing Procedure series. This new edition continues to provide chemical engineers, plant managers, and other professionals in the chemical process industries with helpful advice about performance evaluation.This text is an indispensable procedural guide with universal applications. With test results computed in both conventional and SI units, this handy resource provides standardized methods, real-w 606 $aSpray drying$xEquipment and supplies$xEvaluation 615 0$aSpray drying$xEquipment and supplies$xEvaluation. 676 $a660.28426 676 $a660/.28426 712 02$aAmerican Institute of Chemical Engineers.$bEquipment Testing Procedures Committee. 801 0$bMiAaPQ 801 1$bMiAaPQ 801 2$bMiAaPQ 906 $aBOOK 912 $a9910830781503321 996 $aAIChE equipment testing procedure$91951502 997 $aUNINA LEADER 02164nam0 22003851i 450 001 UON00282893 005 20231205103844.579 010 $a96-08-74056-8 100 $a20061027d2005 |0itac50 ba 101 $amul$aGRE$aITA 102 $aGR 105 $a|||| ||||| 200 1 $aˆLa ‰grande iscrizione di Gortyna$eCentoventi anni dopo la scoperta$eAtti del 1. Convegno Internazionale di Studi sulla Messara'$eScuola Archeologica Italiana di Atene, Atene-Haghii Deka 25-28 maggio 2004$fa cura di Emanuele Greco e Mario Lombardo 210 $aAtene$cScuola Archeologica Italiana di Atene $d2005 215 $a222 p.$d24 cm 316 $aAcquisto diretto Santaniello dott. arch.$5IT-UONSI D187 410 1$1001UON00167862$12001 $aTripodes$eQuaderni della Scuola Archeologica Italiana di Atene$fdirettore Emanuele Greco$v4 423 1$1001UON00376046$12001 $aAtti del 1. Convegno Internazionale di Studi sulla Messara'$eScuola Archeologica Italiana di Atene$eAtene-Haghii Deka 25-28 maggio 2004 606 $aDiritto$xGrecia antica$3UONC028719$2FI 606 $aGORTINA (citta' estinta)$xCondizioni sociali$xCongressi$3UONC060745$2FI 606 $aGORTINA (citta' estinta)$xPolitica e governo$xCongressi$3UONC060744$2FI 606 $aISCRIZIONI GRECHE$xGrecia$xGortina (citta' estinta)$xCongressi$3UONC060742$2FI 606 $aSCAVI ARCHEOLOGICI$xGortina$xCongressi$3UONC060743$2FI 620 $aGR$dAtene$3UONL000203 676 $a340.938$cDIRITTO - Grecia antica$v21 702 1$aGreco$bEmanuele$3UONV056808 702 1$aLOMBARDO$bMario$3UONV057518 710 12$aCONVEGNO INTERNAZIONALE DI STUDI SULLA MESSARA'$d1.$f2004$eAtene - Hagii Deka$3UONV163755$0692921 712 $aScuola Archeologica Italiana di Atene$3UONV260237$4650 801 $aIT$bSOL$c20250307$gRICA 899 $aSIBA - SISTEMA BIBLIOTECARIO DI ATENEO$2UONSI 912 $aUON00282893 950 $aSIBA - SISTEMA BIBLIOTECARIO DI ATENEO$dSI D 187 $eSI MC 30485 5 Acquisto diretto Santaniello dott. arch. 996 $aGrande iscrizione di Gortyna$91244788 997 $aUNIOR